000 00571nam 22002053 4500
001 200466
010 _a85-204-1405-2
021 _aPT
090 _a200466
100 _a20260209d u||y0pory50 ba
200 _aBrincando a brincadeira com a criança deficiente
_enovos rumos terapêuticos
_fMarlene V. Lorenzini
205 _a
210 _aBrasil
_cManole
_d2002
215 _a134, [8] p.
_cbrochado
_d23 cm
606 _9927
_aMedicina
675 _a615.8
_vBR
_zpor
700 _916258
_aLorenzini
_bMarlene V.
801 _aPT
_bBMMN
_gRPC
830 _cAna
_fAna
990 _cLIVROS